000
00229nam a22000977a 4500
082
_a
621.384 LIM'I
245
_a
LIMITS OF RADIO INTERFERENCE
260
_a
LONDON
_b
BRITISH STANDARDS INSTITUTE
_c
1954
300
_a
23P
942
_c
BK
999
_c
585235
_d
585235